[Event "Deloitte NK 2021"]
[Site "Hoogeveen, Netherlands"]
[Date "2021.10.20"]
[Round "6.2"]
[White "Ernst, Sipke"]
[Black "Zwirs, Nico"]
[Result "1/2-1/2"]
[WhiteElo "2534"]
[BlackElo "2439"]
[PlyCount "96"]
[EventDate "2021.10.??"]

1. d4 d5 2. c4 e6 3. Nf3 Nf6 4. Nc3 Nbd7 5. e3 a6 6. a4 Bb4 7. Be2 dxc4 8. Bxc4
b6 9. O-O Bb7 10. Qb3 Qe7 11. e4 Bxc3 12. bxc3 Nxe4 13. Re1 O-O 14. Ba3 Nd6 15.
Ne5 Nxe5 16. dxe5 Qg5 17. Bf1 Nf5 18. f4 Qxf4 19. Bxf8 Rxf8 20. Qc4 Qxc4 21.
Bxc4 Ra8 22. Kf2 Kf8 23. Bd3 Rd8 24. Rad1 Ke7 25. Be2 Rxd1 26. Bxd1 Bc6 27. g3
Ke8 28. Bc2 Ne7 29. c4 a5 30. h4 h6 31. Ke3 Bd7 32. Kd4 Nc6+ 33. Kc3 Nb4 34.
Bd1 Na6 35. Kb2 Nc5 36. Ka3 Bc6 37. Bc2 Ke7 38. g4 Bf3 39. g5 hxg5 40. hxg5 g6
41. Re3 Bg2 42. Re2 Bf1 43. Rh2 Bxc4 44. Rh7 Bd3 45. Rh2 Ba6 46. Rh7 Bd3 47.
Rh2 Ba6 48. Rh7 Bd3 1/2-1/2

[Event "Deloitte NK 2021"]
[Site "Hoogeveen, Netherlands"]
[Date "2021.10.20"]
[Round "6.3"]
[White "Ten Hertog, Hugo"]
[Black "Van den Doel, Erik"]
[Result "0-1"]
[WhiteElo "2519"]
[BlackElo "2601"]
[PlyCount "50"]
[EventDate "2021.10.??"]

1. Nf3 d5 2. g3 Bg4 3. Bg2 c6 4. d3 Nf6 5. O-O Nbd7 6. h3 Bh5 7. Qe1 e5 8. e4
dxe4 9. dxe4 Bc5 10. a4 a5 11. Nh4 O-O 12. Kh2 Re8 13. Na3 Nf8 14. Nc4 Qc7 15.
f4 exf4 16. gxf4 Ne6 17. c3 Rad8 18. Qg3 Be2 19. Nf5 Bxc4 20. Re1 Nh5 21. Qg4
Nexf4 22. e5 Be2 23. Rxe2 Nxe2 24. Nh6+ Kf8 25. Nxf7 Bg1+ 0-1

[Event "Deloitte NK 2021"]
[Site "Hoogeveen, Netherlands"]
[Date "2021.10.21"]
[Round "11.1"]
[White "Swinkels, Robin"]
[Black "Van der Lende, Ilias"]
[Result "1/2-1/2"]
[WhiteElo "2509"]
[BlackElo "2388"]
[PlyCount "174"]
[EventDate "2021.10.??"]

1. e4 e6 2. d4 d5 3. Nc3 Nc6 4. e5 Bd7 5. Nf3 Qe7 6. Bf4 a6 7. Qd2 O-O-O 8. h4
h5 9. a3 f6 10. Bd3 Qf7 11. O-O-O Nh6 12. Ne2 Ng4 13. Bg3 fxe5 14. dxe5 Bc5 15.
Rhf1 Bb6 16. Kb1 Ne7 17. Nf4 Rdf8 18. Ng5 Qg8 19. Rde1 g6 20. f3 Nh6 21. Rh1
Kb8 22. Nfh3 Nef5 23. Bf2 Bxf2 24. Qxf2 Nf7 25. Nxf7 Qxf7 26. Ng5 Qe7 27. Qd2
Bb5 28. Bxb5 axb5 29. Rh3 c5 30. Reh1 Nh6 31. Qa5 Rf5 32. Qxb5 Rc8 33. Re1 Nf7
34. Nxf7 Qxf7 35. Rhh1 Qc7 36. Qe2 Rcf8 37. Rhf1 Qf7 38. Qe3 b6 39. Qb3 Kb7 40.
Qb5 Qc7 41. Qe2 Qf7 42. Qb5 Qc7 43. Qd3 Qg7 44. Qe2 Qf7 45. Rh1 Qg7 46. Qd3
R8f7 47. Qe3 Rf4 48. Re2 R7f5 49. Ree1 Qe7 50. Qf2 Qg7 51. Qg3 c4 52. c3 d4 53.
cxd4 Rxd4 54. Re2 Qd7 55. Rc2 Rff4 56. Qxg6 Rxh4 57. Rhc1 b5 58. g3 Rh3 59. a4
h4 60. gxh4 Rhxh4 61. axb5 Kb6 62. b3 Kxb5 63. bxc4+ Rxc4 64. Rxc4 Rxc4 65.
Rxc4 Kxc4 66. Qc2+ Kb4 67. Kc1 Qd4 68. Qd2+ Kc4 69. Qa2+ Kc3 70. Qa3+ Kc4 71.
Qa6+ Kd5 72. Qd6+ Kc4 73. Qxe6+ Kc5 74. Qe7+ Kc6 75. Qf6+ Kc5 76. Qf5 Kd5 77.
f4 Qg1+ 78. Kc2 Qf2+ 79. Kb3 Qb6+ 80. Ka2 Qa5+ 81. Kb1 Qb6+ 82. Kc1 Qg1+ 83.
Kb2 Qb6+ 84. Kc1 Qg1+ 85. Kc2 Qf2+ 86. Kc3 Qd4+ 87. Kc2 Qf2+ 1/2-1/2

[Event "Deloitte NK 2021"]
[Site "Hoogeveen, Netherlands"]
[Date "2021.10.21"]
[Round "11.2"]
[White "Pruijssers, Roeland"]
[Black "Zwirs, Nico"]
[Result "1-0"]
[WhiteElo "2561"]
[BlackElo "2439"]
[PlyCount "151"]
[EventDate "2021.10.??"]

1. e4 c5 2. Nc3 d6 3. Nge2 Nf6 4. g3 g6 5. Bg2 Nc6 6. O-O Bg7 7. d3 O-O 8. f4
Rb8 9. a4 a6 10. h3 Nd7 11. Nd5 b5 12. axb5 axb5 13. g4 e6 14. Ne3 Bb7 15. f5
Re8 16. Kh1 Ra8 17. Rxa8 Qxa8 18. c3 exf5 19. gxf5 Nf6 20. Ng4 Nxg4 21. hxg4
Ne5 22. f6 Bf8 23. Nf4 c4 24. d4 Nd7 25. Nd5 Qd8 26. Qf3 Nb6 27. Kg1 Nxd5 28.
exd5 Qa8 29. Bf4 Qa2 30. Rf2 Re1+ 31. Kh2 Rb1 32. Qe2 Qa8 33. Qe4 Ra1 34. Re2
Ra5 35. Qe8 Qxe8 36. Rxe8 Ra8 37. Re2 h6 38. Bf3 g5 39. Bg3 Bc8 40. Re8 Bb7 41.
Re2 Bc8 42. Re8 Bb7 43. Rxa8 Bxa8 44. Be4 Bb7 45. Kg2 Bc8 46. Kf3 Bd7 47. Bf2
Bc8 48. Be3 Kh8 49. Bd2 Kg8 50. Bc1 Kh8 51. Be3 Kg8 52. Kg3 Kh8 53. Bg1 Kg8 54.
Be3 Kh8 55. Kf3 Kg8 56. Bc2 Bb7 57. Bf5 Bxd5+ 58. Be4 Be6 59. d5 Bc8 60. Kg3
Bb7 61. Bb6 Kh8 62. Bd8 Kg8 63. Kf3 Bc8 64. Bf5 Bxf5 65. gxf5 h5 66. Be7 g4+
67. Kg3 Bh6 68. Bxd6 Bc1 69. Bb4 Kh7 70. d6 Bg5 71. d7 Bxf6 72. Ba5 Be5+ 73.
Kg2 h4 74. d8=Q h3+ 75. Kh1 g3 76. Qh4+ 1-0

[Event "Deloitte NK 2021"]
[Site "Hoogeveen, Netherlands"]
[Date "2021.10.21"]
[Round "11.3"]
[White "Lai, Hing Ting"]
[Black "Schoppen, Casper"]
[Result "0-1"]
[WhiteElo "2439"]
[BlackElo "2496"]
[PlyCount "80"]
[EventDate "2021.10.??"]

1. Nf3 Nf6 2. c4 e6 3. d4 d5 4. g3 Be7 5. Bg2 O-O 6. O-O dxc4 7. Ne5 Nc6 8.
Nxc6 bxc6 9. Na3 Bxa3 10. bxa3 Ba6 11. Qd2 Rb8 12. Qa5 Qc8 13. a4 Rd8 14. Ba3
Rxd4 15. Bc5 Rd5 16. Bxd5 cxd5 17. Rfd1 h5 18. Bxa7 Ra8 19. Bc5 Bb7 20. Qb5 Ne4
21. Rdb1 Ba6 22. Qb4 e5 23. f3 Ng5 24. Qd2 Qd8 25. h4 Ne6 26. Bf2 d4 27. Rd1
Qd5 28. Rab1 Rd8 29. Qc2 d3 30. Qd2 f5 31. exd3 cxd3 32. Re1 c5 33. Rb6 Bc4 34.
Kg2 e4 35. fxe4 fxe4 36. Be3 Nd4 37. Rd1 Qf7 38. Rf1 Nf3 39. Qc3 d2 40. Rd1 Rd3
0-1

[Event "Deloitte NK 2021"]
[Site "Hoogeveen, Netherlands"]
[Date "2021.10.21"]
[Round "11.4"]
[White "Van den Doel, Erik"]
[Black "Warmerdam, Max"]
[Result "1/2-1/2"]
[WhiteElo "2601"]
[BlackElo "2562"]
[PlyCount "81"]
[EventDate "2021.10.??"]

1. Nf3 Nf6 2. g3 g6 3. Bg2 Bg7 4. O-O c5 5. c3 O-O 6. d4 cxd4 7. cxd4 d5 8. Nc3
Ne4 9. Nd2 Nf6 10. Nb3 b6 11. a4 a5 12. Bf4 Na6 13. Nc1 Nb4 14. N1a2 Nxa2 15.
Rxa2 Ba6 16. Ra1 Rc8 17. Rc1 Ne4 18. Re1 Nxc3 19. bxc3 e6 20. e4 dxe4 21. Bxe4
Qd7 22. Qb3 Bb7 23. Bxb7 Qxb7 24. Be3 Rfd8 25. Red1 h5 26. h4 Rd7 27. c4 Bf8
28. Qb5 Rc6 29. d5 exd5 30. Rxd5 Re7 31. Bd4 Qc7 32. Qb3 Bg7 33. Bxg7 Kxg7 34.
Qb2+ Kh7 35. Rcd1 Rxc4 36. Rd8 Qe5 37. Qxb6 Rxa4 38. Ra8 Re4 39. Qxa5 Qxa5 40.
Rxa5 Re1+ 41. Rxe1 1/2-1/2

[Event "Deloitte NK 2021"]
[Site "Hoogeveen, Netherlands"]
[Date "2021.10.22"]
[Round "12.1"]
[White "Van der Lende, Ilias"]
[Black "Swinkels, Robin"]
[Result "0-1"]
[WhiteElo "2388"]
[BlackElo "2509"]
[PlyCount "60"]
[EventDate "2021.10.??"]

1. Nf3 d5 2. c4 e6 3. e3 Nf6 4. Nc3 dxc4 5. Bxc4 a6 6. d4 b5 7. Be2 Bb7 8. O-O
Nbd7 9. a4 b4 10. Nb1 Be7 11. Nbd2 c5 12. Nc4 O-O 13. Bd2 a5 14. Rc1 Qb8 15.
Nfe5 Rd8 16. Bf3 Nxe5 17. dxe5 Bxf3 18. Qxf3 Nd7 19. Qf4 Nb6 20. e4 Nxa4 21.
Qg3 Nb6 22. Bh6 Bf8 23. Nd6 Nc8 24. Nc4 Kh8 25. Rfd1 Rxd1+ 26. Rxd1 Qc7 27. Qf4
gxh6 28. Qf6+ Kg8 29. Rd3 Ne7 30. Nd6 Ng6 0-1

[Event "Deloitte NK 2021"]
[Site "Hoogeveen, Netherlands"]
[Date "2021.10.22"]
[Round "12.2"]
[White "Zwirs, Nico"]
[Black "Pruijssers, Roeland"]
[Result "1/2-1/2"]
[WhiteElo "2439"]
[BlackElo "2561"]
[PlyCount "119"]
[EventDate "2021.10.??"]

1. e4 c6 2. d4 d5 3. e5 Bf5 4. h4 h6 5. Bd3 Bxd3 6. Qxd3 e6 7. Ne2 c5 8. c3 Qb6
9. O-O h5 10. Bg5 Ne7 11. Nd2 Nbc6 12. a3 Nf5 13. Nf3 Qb3 14. Nd2 Qb6 15. Nf3
Qb3 16. Qd2 Na5 17. Nc1 Qa4 18. b3 Qd7 19. dxc5 Bxc5 20. c4 Nc6 21. Nd3 Be7 22.
Bxe7 dxc4 23. Bd6 cxd3 24. Qxd3 f6 25. Rad1 fxe5 26. Nxe5 Nxe5 27. Bxe5 Qxd3
28. Rxd3 Rf8 29. Rfd1 Rf7 30. g3 Rc8 31. R1d2 b6 32. Kg2 Rb7 33. Bf4 Ne7 34.
Rd6 Rc3 35. Rxe6 Rxb3 36. Re3 Rxe3 37. Bxe3 Rd7 38. Kf3 Nf5 39. Rxd7 Kxd7 40.
Bc1 Ke6 41. Kf4 g6 42. Kg5 Kf7 43. g4 Ng7 44. gxh5 Nxh5 45. Bb2 b5 46. Bd4 a6
47. Bc3 Ng7 48. f4 Ne6+ 49. Kg4 Ng7 50. Kg5 Ne6+ 51. Kg4 Ng7 52. Bb4 Kf6 53.
Bd2 Kf7 54. Bc3 Kf8 55. Kf3 Nf5 56. Ke4 Nxh4 57. Kd5 Kf7 58. Kc6 Ke6 59. Kb6
Kd5 60. Kxa6 1/2-1/2

[Event "Deloitte NK 2021"]
[Site "Hoogeveen, Netherlands"]
[Date "2021.10.22"]
[Round "12.3"]
[White "Schoppen, Casper"]
[Black "Lai, Hing Ting"]
[Result "0-1"]
[WhiteElo "2496"]
[BlackElo "2439"]
[PlyCount "96"]
[EventDate "2021.10.??"]

1. e4 c6 2. Nf3 d5 3. Nc3 Nf6 4. e5 Ne4 5. Ne2 Qb6 6. d4 e6 7. Ng3 c5 8. Bd3
Nxg3 9. fxg3 Nc6 10. O-O h6 11. dxc5 Bxc5+ 12. Kh1 Be3 13. c3 Bxc1 14. Qxc1 Bd7
15. b4 Qc7 16. Qe3 d4 17. cxd4 Nxb4 18. Be4 Bc6 19. Rac1 Rd8 20. a3 Nd5 21. Qd2
Ne7 22. g4 O-O 23. g5 h5 24. h3 g6 25. g4 hxg4 26. hxg4 Qb6 27. Bxc6 Nxc6 28.
Rfd1 Rd5 29. Rb1 Qc7 30. Qc3 Rfd8 31. Rb2 Qd7 32. Rbd2 Ne7 33. Kg2 Rb5 34. Kg3
Nd5 35. Qa1 Rb3 36. Rd3 Qb5 37. Rxb3 Qxb3 38. Qc1 b5 39. Rh1 a5 40. Rh2 a4 41.
Qh1 Kf8 42. Qc1 Kg7 43. Qc5 Qe3 44. Qc6 Nc3 45. Kg2 Ne4 46. Qc2 Rc8 47. Qb2 Rc3
48. Rh3 Qd3 0-1

[Event "Deloitte NK 2021"]
[Site "Hoogeveen, Netherlands"]
[Date "2021.10.22"]
[Round "12.4"]
[White "Warmerdam, Max"]
[Black "Van den Doel, Erik"]
[Result "1-0"]
[WhiteElo "2562"]
[BlackElo "2601"]
[PlyCount "79"]
[EventDate "2021.10.??"]

1. Nf3 d5 2. g3 Bg4 3. Bg2 Nd7 4. h3 Bh5 5. c4 e6 6. d4 c6 7. cxd5 exd5 8. Nc3
Ngf6 9. Ne5 Nxe5 10. dxe5 Nd7 11. f4 f5 12. Qc2 g6 13. Be3 Qa5 14. Rc1 Be7 15.
O-O Nb6 16. Kh2 O-O 17. Rfd1 Rad8 18. Bf2 Kh8 19. a3 Nc4 20. Rd3 g5 21. Na4 h6
22. b3 Nxa3 23. Qb2 Nb5 24. Nc5 Qb6 25. b4 Rf7 26. Kg1 Rg8 27. Ne6 d4 28. Nxd4
Nxd4 29. Bxd4 c5 30. e6+ cxd4 31. exf7 Rd8 32. e3 Bf6 33. Rc5 Bxf7 34. exd4
gxf4 35. gxf4 Qd6 36. Qd2 Bxd4+ 37. Kh1 Bxc5 38. Rxd6 Rxd6 39. Qc3+ Bd4 40. Qc7
1-0

[Event "Deloitte NK 2021"]
[Site "Hoogeveen, Netherlands"]
[Date "2021.10.23"]
[Round "13.1"]
[White "Lai, Hing Ting"]
[Black "Schoppen, Casper"]
[Result "1-0"]
[WhiteElo "2439"]
[BlackElo "2496"]
[PlyCount "81"]
[EventDate "2021.10.??"]

1. d4 Nf6 2. Bg5 d5 3. e3 c5 4. Bxf6 gxf6 5. dxc5 e6 6. Nf3 Bxc5 7. Be2 Nc6 8.
O-O f5 9. Nbd2 O-O 10. a3 Bb6 11. b4 Qf6 12. c4 dxc4 13. Nxc4 Bc7 14. b5 Ne7
15. Rc1 Rd8 16. Qb3 Nd5 17. Rfd1 Bd7 18. Rd4 Be8 19. g3 Rac8 20. Rcd1 Qe7 21.
a4 Nf6 22. Rxd8 Rxd8 23. Nd4 Ne4 24. Bf3 Bd7 25. Qc2 Nc5 26. a5 b6 27. axb6
Bxb6 28. Kg2 Rc8 29. Nc6 Qf6 30. Qa2 Bxc6 31. bxc6 Qe7 32. Nxb6 axb6 33. Qb2 e5
34. Qxb6 e4 35. Be2 Ne6 36. Rd5 Qf6 37. Qa5 Rxc6 38. Rxf5 Qc3 39. Qa8+ Nf8 40.
Bh5 Rf6 41. Rg5+ 1-0

[Event "Deloitte NK 2021"]
[Site "Hoogeveen, Netherlands"]
[Date "2021.10.23"]
[Round "14.1"]
[White "Schoppen, Casper"]
[Black "Lai, Hing Ting"]
[Result "1/2-1/2"]
[WhiteElo "2496"]
[BlackElo "2439"]
[PlyCount "151"]
[EventDate "2021.10.??"]

1. e4 c6 2. Nf3 d5 3. Nc3 Bg4 4. h3 Bxf3 5. Qxf3 e6 6. Be2 g6 7. d4 Bg7 8. Bf4
Ne7 9. O-O-O Nd7 10. h4 h5 11. Kb1 Qb6 12. Qg3 Rc8 13. Bd6 Qd8 14. Qf4 dxe4 15.
Nxe4 Nf5 16. g4 hxg4 17. Bxg4 Nf6 18. Bxf5 gxf5 19. Nxf6+ Bxf6 20. h5 Qa5 21.
Be5 Qd8 22. Rhg1 Kd7 23. d5 cxd5 24. Rxd5+ exd5 25. Qxf5+ Kc6 26. Bxf6 Rxh5 27.
Qf3 Qd6 28. Qxh5 Qxf6 29. Rd1 Rd8 30. Qe2 Kc7 31. a3 a6 32. Rd3 Rd6 33. Rf3 Qe6
34. Qd2 d4 35. Rd3 Qe5 36. b3 Kb8 37. Kb2 Ka7 38. Qb4 Rf6 39. f3 Qd5 40. Rxd4
Qe5 41. Ka2 Rxf3 42. Rd7 Qb5 43. Qd4+ Qb6 44. Qc4 f5 45. Qc8 Rf2 46. Rf7 Rd2
47. Rxf5 Rd8 48. Qc4 Rd7 49. Rc5 Qd6 50. Rc8 Rd8 51. Rxd8 Qxd8 52. Qc3 Ka8 53.
Kb2 Qf8 54. Qe5 Qg8 55. a4 Qf8 56. Qd4 Qe8 57. Qf6 Qg8 58. b4 Qe8 59. Kb3 Qg8+
60. Ka3 Qe8 61. Qd4 Qg8 62. b5 Qf8+ 63. Kb3 axb5 64. axb5 Qf7+ 65. Kb4 Qe7+ 66.
Ka4 Qe8 67. Ka5 Qf8 68. Kb6 Qh6+ 69. Kc7 Qh7+ 70. Kb6 Qh6+ 71. Ka5 Qf8 72. Ka4
Qg8 73. c4 Qe8 74. Ka5 Qf8 75. Kb6 Qd6+ 76. Qxd6 1/2-1/2